[Event "Vecindario Montalvo Memorial 15th"]
[Site "Vecindario"]
[Date "2023.04.08"]
[Round "8"]
[White "Marrero Lopez, Agustin"]
[Black "Yuan, Ying Jie"]
[Result "1-0"]
[WhiteElo "1791"]
[BlackElo "1554"]
[PlyCount "79"]
[EventDate "2023.04.02"]
[EventType "swiss"]
[EventRounds "9"]
[EventCountry "ESP"]
[SourceTitle "CBM 213 Extra"]
[Source "ChessBase"]
[SourceDate "2023.05.31"]
[SourceVersion "1"]
[SourceVersionDate "2023.05.31"]
[SourceQuality "1"]

1. d4 d5 2. Nf3 Nf6 3. c4 c6 4. Nc3 e6 5. Bg5 h6 6. Bh4 g5 7. Bg3 Nh5 8. e3 Nxg3 9. hxg3 Nd7 10. a3 a5 11. Bd3 dxc4 12. Bxc4 b5 13. Bd3 Bb7 14. Ne4 g4 15. Nh4 f5 16. Nd2 Qf6 17. Rc1 b4 18. a4 Bd6 19. Qe2 c5 20. Nb3 cxd4 21. Nxd4 Nc5 22. Bb5+ Kf7 23. 0-0 Rac8 24. Rfd1 Rhd8 25. Qe1 Be5 26. Ndxf5 Rxd1 27. Nxh6+ Qxh6 28. Qxd1 Qg7 29. Rxc5 Rxc5 30. Qd7+ Kg8 31. Qe8+ Qf8 32. Qxe6+ Qf7 33. Qxg4+ Bg7 34. b3 Bd5 35. Bd3 Rc1+ 36. Kh2 Be6 37. Qe4 Qxf2 38. Qxe6+ Kh8 39. Qe8+ Bf8 40. Qh5+ 1-0

[Event "Vecindario Montalvo Memorial 15th"]
[Site "Vecindario"]
[Date "2023.04.04"]
[Round "4"]
[White "Perez Perez, Alejandro"]
[Black "Yuan, Ying Jie"]
[Result "1-0"]
[WhiteElo "1989"]
[BlackElo "1554"]
[PlyCount "82"]
[EventDate "2023.04.02"]
[EventType "swiss"]
[EventRounds "9"]
[EventCountry "ESP"]
[SourceTitle "CBM 213 Extra"]
[Source "ChessBase"]
[SourceDate "2023.05.31"]
[SourceVersion "1"]
[SourceVersionDate "2023.05.31"]
[SourceQuality "1"]

1. d4 d5 2. Bf4 Nf6 3. e3 e6 4. Nf3 Bd6 5. Bg3 Ne4 6. Bh4 Be7 7. Bxe7 Qxe7 8. c3 c5 9. Nbd2 Nxd2 10. Qxd2 Nc6 11. Bb5 a6 12. Bxc6+ bxc6 13. Ne5 f6 14. Nd3 cxd4 15. exd4 e5 16. 0-0 0-0 17. Nc5 e4 18. a4 f5 19. f4 g5 20. a5 g4 21. Qe3 Rb8 22. b4 h5 23. Rab1 h4 24. h3 g3 25. Qe2 Qf7 26. Nxa6 Bxa6 27. Qxa6 Qb7 28. Qe2 Qb5 29. Qh5 Qc4 30. Qg5+ Kf7 31. Qxf5+ Ke7 32. Qe5+ Kd7 33. Qg7+ Kd6 34. Rbc1 Rbe8 35. Qh6+ Kc7 36. Qxh4 Qd3 37. f5 e3 38. Qxg3+ Kc8 39. f6 Qd2 40. Qg4+ Kb8 41. Qd1 Qa2 1-0

[Event "Gran Canaria U1900 op"]
[Site "Gran Canaria"]
[Date "2023.01.03"]
[Round "6"]
[White "Roca Marrero, Fernando"]
[Black "Yuan, Ying Jie"]
[Result "0-1"]
[WhiteElo "1491"]
[BlackElo "1457"]
[PlyCount "80"]
[EventDate "2022.12.27"]
[EventType "swiss"]
[EventRounds "7"]
[EventCountry "ESP"]
[SourceTitle "CBM 212 Extra"]
[Source "ChessBase"]
[SourceDate "2023.03.31"]
[SourceVersion "1"]
[SourceVersionDate "2023.03.31"]
[SourceQuality "1"]

1. d4 d5 2. Bf4 Nf6 3. e3 e6 4. Bd3 Bd6 5. Bg3 c5 6. c3 Nc6 7. Nf3 c4 8. Bc2 b5 9. Ne5 Qc7 10. f4 h5 11. h3 Nd7 12. 0-0 Ne7 13. f5 Nxe5 14. dxe5 Bxe5 15. Bxe5 Qxe5 16. Qf3 Nxf5 17. e4 Nd6 18. Nd2 Bb7 19. exd5 Bxd5 20. Qf2 Ke7 21. Rae1 Qg5 22. Ne4 Bxe4 23. Bxe4 Rad8 24. Bc2 Rd7 25. Rd1 Rhd8 26. Rxd6 Kxd6 27. Rd1+ Ke7 28. Rxd7+ Rxd7 29. Be4 f5 30. Qc5+ Kf7 31. Bf3 a6 32. Qc6 Qc1+ 33. Kh2 Qf4+ 34. Kg1 Qd6 35. Qa8 Qb6+ 36. Kh1 Rd8 37. Qb7+ Qxb7 38. Bxb7 Rd2 39. Bxa6 Rxb2 40. h4 b4 0-1

[Event "Vecindario Montalvo Memorial 14th"]
[Site "Vecindario"]
[Date "2022.09.10"]
[Round "8"]
[White "Almeida Cubas, Mirella"]
[Black "Yuan, Ying Jie"]
[Result "1-0"]
[WhiteElo "1704"]
[BlackElo "1416"]
[PlyCount "119"]
[EventDate "2022.09.04"]
[EventType "swiss"]
[EventRounds "9"]
[EventCountry "ESP"]
[SourceTitle "CBM 210 Extra"]
[Source "ChessBase"]
[SourceDate "2022.11.30"]
[SourceVersion "1"]
[SourceVersionDate "2022.11.30"]
[SourceQuality "1"]

1. e4 e6 2. d4 d5 3. exd5 exd5 4. Bd3 Bd6 5. Nf3 Nf6 6. 0-0 0-0 7. c3 Bg4 8. Re1 Nbd7 9. Be3 c5 10. dxc5 Nxc5 11. Bc2 Re8 12. Nbd2 Nce4 13. Nb3 Qc7 14. h3 Bh5 15. Nbd4 a6 16. Qe2 Bf4 17. Qf1 Rad8 18. Rad1 Ng5 19. g4 Nxf3+ 20. Nxf3 Bxe3 21. fxe3 Qg3+ 22. Qg2 Qxg2+ 23. Kxg2 Bg6 24. Bxg6 hxg6 25. Rd4 Re4 26. Rd3 Rde8 27. Kf2 Rd8 28. Red1 Re6 29. Ke2 b5 30. g5 Nh5 31. Kf2 Red6 32. Rd4 f5 33. Ne1 Kf7 34. Nd3 Rc8 35. Nb4 Re8 36. Nxd5 Re5 37. Nb4 Rde6 38. Rd7+ Kg8 39. Rd8+ Kh7 40. Nd5 f4 41. Nxf4 Nxf4 42. exf4 Re2+ 43. Kf1 Rh2 44. R1d2 Rxh3 45. Kg2 Rhe3 46. Kf2 Rh3 47. R8d3 Rh2+ 48. Kf3 Rh3+ 49. Kf2 Rh2+ 50. Kf1 Rh4 51. Rf2 Re4 52. Rdf3 Kg8 53. Kg2 Kf7 54. Kg3 Rh1 55. Rd3 Ke6 56. Rfd2 Rhe1 57. Rd6+ Kf7 58. Rxa6 R1e3+ 59. Kg4 Re1 60. Rd7+ 1-0

[Event "Vecindario Montalvo Memorial 14th"]
[Site "Vecindario"]
[Date "2022.09.04"]
[Round "1"]
[White "Perez Perez, Alejandro"]
[Black "Yuan, Ying Jie"]
[Result "1-0"]
[WhiteElo "1980"]
[BlackElo "1416"]
[PlyCount "49"]
[EventDate "2022.09.04"]
[EventType "swiss"]
[EventRounds "9"]
[EventCountry "ESP"]
[SourceTitle "CBM 210 Extra"]
[Source "ChessBase"]
[SourceDate "2022.11.30"]
[SourceVersion "1"]
[SourceVersionDate "2022.11.30"]
[SourceQuality "1"]

1. c4 c5 2. Nc3 Nc6 3. g3 g6 4. Bg2 Bg7 5. b3 Nf6 6. Bb2 0-0 7. e3 e5 8. Nge2 Re8 9. d3 a6 10. 0-0 Rb8 11. Qd2 b6 12. f4 Bb7 13. fxe5 Nxe5 14. Nf4 Bxg2 15. Kxg2 d6 16. h3 b5 17. Rab1 g5 18. Nfd5 g4 19. Nxf6+ Bxf6 20. hxg4 Nxg4 21. Nd5 Bg5 22. Rbe1 Re6 23. Qd1 Nxe3+ 24. Nxe3 Bxe3 25. Rxe3 1-0

[Event "Gran Canaria Cabildo Cup"]
[Site "Gran Canaria"]
[Date "2022.04.13"]
[Round "5"]
[White "Matos Espino, Carlos Silverio"]
[Black "Yuan, Ying Jie"]
[Result "1-0"]
[WhiteElo "1201"]
[BlackElo "1384"]
[PlyCount "51"]
[EventDate "2022.04.10"]
[EventType "swiss"]
[EventRounds "7"]
[EventCountry "ESP"]
[SourceTitle "CBM 207 Extra"]
[Source "ChessBase"]
[SourceDate "2022.05.31"]
[SourceVersion "1"]
[SourceVersionDate "2022.05.31"]
[SourceQuality "1"]

1. e4 e6 2. d4 d5 3. e5 c5 4. Nf3 Nc6 5. c3 Qb6 6. a3 Nh6 7. b4 cxd4 8. cxd4 Nf5 9. Be3 Bd7 10. Nbd2 Be7 11. Bd3 Nxe3 12. fxe3 0-0-0 13. Rc1 Kb8 14. 0-0 f6 15. Qe2 fxe5 16. b5 e4 17. bxc6 exd3 18. c7+ Qxc7 19. Qxd3 Qa5 20. Ne5 Bb5 21. Qb3 Bxf1 22. Nc6+ Ka8 23. Nxa5 Ba6 24. Rc7 Rhf8 25. Rxe7 Rc8 26. h3 1-0

[Event "Gran Canaria Cabildo Cup"]
[Site "Gran Canaria"]
[Date "2022.04.12"]
[Round "4"]
[White "Yuan, Ying Jie"]
[Black "Bandin Lata, Daniel"]
[Result "0-1"]
[WhiteElo "1384"]
[BlackElo "1006"]
[PlyCount "158"]
[EventDate "2022.04.10"]
[EventType "swiss"]
[EventRounds "7"]
[EventCountry "ESP"]
[SourceTitle "CBM 207 Extra"]
[Source "ChessBase"]
[SourceDate "2022.05.31"]
[SourceVersion "1"]
[SourceVersionDate "2022.05.31"]
[SourceQuality "1"]

1. e4 e5 2. Nf3 Nc6 3. Bc4 Nf6 4. 0-0 Bc5 5. d3 h6 6. Be3 Bb6 7. h3 0-0 8. Nc3 d6 9. Ne2 Be6 10. Bb5 Qe7 11. Ng3 Rfe8 12. Qd2 Bxe3 13. fxe3 a6 14. Ba4 b5 15. Bb3 d5 16. Qc3 Qd6 17. Nf5 Bxf5 18. exf5 d4 19. Qd2 dxe3 20. Qxe3 Nd4 21. Nxd4 exd4 22. Qf3 Rad8 23. Rae1 Qb4 24. Rxe8+ Rxe8 25. Qc6 Qa5 26. Qc5 Qb6 27. Qxb6 cxb6 28. Rf4 Rd8 29. Kf2 a5 30. a4 b4 31. g4 Kf8 32. h4 h5 33. g5 Ng4+ 34. Kf3 Rd6 35. Re4 Rd7 36. g6 fxg6 37. fxg6 Rd6 38. Bf7 Rd8 39. Kf4 Nf6 40. Re6 Rc8 41. Re2 Rc5 42. Bc4 Rc6 43. Re6 Rxe6 44. Bxe6 Ke7 45. Bc4 Kd6 46. Kf5 Nd7 47. Ke4 Kc5 48. Bb5 Nf8 49. Kf5 Kd5 50. Kg5 Ke5 51. Bc4 Nd7 52. Ba6 Nc5 53. Bb5 Ne6+ 54. Kxh5 Kf4 55. Bd7 Nc5 56. Bc6 b3 57. cxb3 Nxb3 58. Bf3 Kxf3 59. Kg5 Nc5 60. h5 Ne4+ 61. Kf5 Ng3+ 62. Ke5 Nxh5 63. Kxd4 Nf4 64. Kc4 Nxg6 65. Kb5 Ne7 66. Kxb6 g5 67. Kxa5 g4 68. b4 g3 69. b5 g2 70. Ka6 g1Q 71. b6 Qc5 72. a5 Nc6 73. Kb7 Nxa5+ 74. Ka6 Nc6 75. Kb7 Ke3 76. d4 Kxd4 77. Ka8 Nd8 78. Ka7 Qc8 79. b7 Qxb7# 0-1

[Event "Gran Canaria Cabildo Cup"]
[Site "Gran Canaria"]
[Date "2022.04.11"]
[Round "3"]
[White "Rodriguez Melian, Jose Luis"]
[Black "Yuan, Ying Jie"]
[Result "1-0"]
[WhiteElo "2049"]
[BlackElo "1384"]
[PlyCount "87"]
[EventDate "2022.04.10"]
[EventType "swiss"]
[EventRounds "7"]
[EventCountry "ESP"]
[SourceTitle "CBM 207 Extra"]
[Source "ChessBase"]
[SourceDate "2022.05.31"]
[SourceVersion "1"]
[SourceVersionDate "2022.05.31"]
[SourceQuality "1"]

1. d4 d5 2. Nf3 Nf6 3. g3 Bf5 4. Bg2 Nbd7 5. 0-0 e6 6. Nh4 Bg6 7. b3 Bd6 8. Bb2 c6 9. Nd2 Ne4 10. Nxg6 hxg6 11. Nxe4 dxe4 12. Bxe4 Qg5 13. Bg2 0-0-0 14. e4 e5 15. Bc1 Qe7 16. d5 cxd5 17. exd5 e4 18. Be3 Nb6 19. c4 Be5 20. Rc1 f5 21. Qd2 Rh5 22. h4 Kb8 23. Rfd1 Qc7 24. Bg5 Bf6 25. Bxf6 gxf6 26. d6 Qc6 27. c5 Nd7 28. b4 Ne5 29. Qf4 Qb5 30. Qd2 g5 31. c6 bxc6 32. Rc5 Qb7 33. b5 Qd7 34. bxc6 Nxc6 35. Qd5 Rc8 36. Rdc1 Kb7 37. Qb3+ Ka8 38. Qb5 Qb7 39. Rxf5 Nd4 40. Qxb7+ Kxb7 41. Bxe4+ Kb6 42. Rxc8 Nxf5 43. Bxf5 gxh4 44. g4 1-0

[Event "Liga Insular Gran Canaria 2a Ascenso"]
[Site "Las Palmas"]
[Date "2019.06.01"]
[Round "2.4"]
[White "Camara Bordon, Luis Marcos"]
[Black "Yuan, Ying Jie"]
[Result "0-1"]
[WhiteElo "1205"]
[BlackElo "1257"]
[PlyCount "76"]
[EventDate "2019.05.25"]
[EventType "team-tourn"]
[EventRounds "3"]
[EventCountry "ESP"]
[SourceTitle "EXT 2021"]
[Source "ChessBase"]
[SourceDate "2020.10.23"]
[SourceVersion "1"]
[SourceVersionDate "2020.10.23"]
[SourceQuality "1"]
[WhiteTeam "Fundacion La Caja de Canarias III"]
[BlackTeam "Hotel Avda de Canarias V"]
[WhiteTeamCountry "ESP"]
[BlackTeamCountry "ESP"]

1. d4 d5 2. c4 e6 3. Nc3 Nf6 4. Nf3 Bb4 5. Bg5 h6 6. Bh4 0-0 7. e3 Nbd7 8. a3 Be7 9. Bd3 b6 10. 0-0 Bb7 11. Rc1 a5 12. cxd5 Nxd5 13. Bxe7 Nxe7 14. e4 Nf6 15. Re1 Nc6 16. Nb5 Rc8 17. e5 Nd5 18. Qe2 Nf4 19. Qe4 Nxd3 20. Qxd3 Qd7 21. a4 Rfd8 22. Qc3 Nb4 23. Qe3 Ba6 24. Nc3 Nd3 25. Ne4 Nxe1 26. Nf6+ gxf6 27. exf6 Nxf3+ 28. Qxf3 Qxd4 29. Qg3+ Kf8 30. Qg7+ Ke8 31. Qg8+ Kd7 32. Qxf7+ Kd6 33. Qe7+ Kd5 34. Re1 Be2 35. h3 Qxa4 36. f7 Rf8 37. Kh2 Qf4+ 38. Kg1 Qxf7 0-1

[Event "Liga Insular Gran Canaria 2a"]
[Site "Las Palmas"]
[Date "2019.05.18"]
[Round "7.3"]
[White "Yuan, Ying Jie"]
[Black "Montesdeoca Arteta, Jose Andres"]
[Result "1-0"]
[WhiteElo "1257"]
[BlackElo "1489"]
[PlyCount "73"]
[EventDate "2019.03.02"]
[EventType "team-tourn"]
[EventRounds "7"]
[EventCountry "ESP"]
[SourceTitle "EXT 2021"]
[Source "ChessBase"]
[SourceDate "2020.10.23"]
[SourceVersion "1"]
[SourceVersionDate "2020.10.23"]
[SourceQuality "1"]
[WhiteTeam "Hotel Avda de Canarias V"]
[BlackTeam "Cadetra"]
[WhiteTeamCountry "ESP"]
[BlackTeamCountry "ESP"]

1. e4 e5 2. Nf3 Nc6 3. Bb5 d6 4. d3 Bd7 5. 0-0 Nf6 6. Bg5 g6 7. Nc3 Bg7 8. Nd2 Nd4 9. Bc4 b5 10. Bb3 c6 11. f4 exf4 12. Rxf4 h6 13. Bxf6 Bxf6 14. Qf1 Nxb3 15. cxb3 Bd4+ 16. Kh1 0-0 17. Qe2 Be5 18. Rff1 Qb6 19. Nf3 Bg7 20. Qd2 Kh7 21. Qf4 Qc7 22. Rac1 Rae8 23. Nxb5 Qb8 24. Qxd6 Qxb5 25. Qxd7 Rd8 26. Qxc6 Qxd3 27. Qc2 Qa6 28. e5 Rfe8 29. Rfe1 Re7 30. a3 Qb7 31. b4 Red7 32. Red1 Rd5 33. Rxd5 Rxd5 34. Re1 Qd7 35. h3 Qe7 36. b3 Bxe5 37. Qe4 1-0

[Event "Liga Insular Gran Canaria 3a"]
[Site "Las Palmas"]
[Date "2019.04.06"]
[Round "5.2"]
[White "Aleman Perez, Domingo"]
[Black "Yuan, Ying Jie"]
[Result "1-0"]
[WhiteElo "1464"]
[BlackElo "1257"]
[PlyCount "129"]
[EventDate "2019.03.02"]
[EventType "team-tourn"]
[EventRounds "9"]
[EventCountry "ESP"]
[SourceTitle "EXT 2021"]
[Source "ChessBase"]
[SourceDate "2020.10.23"]
[SourceVersion "1"]
[SourceVersionDate "2020.10.23"]
[SourceQuality "1"]
[WhiteTeam "Aguas de Teror"]
[BlackTeam "Hotel Avda de Canarias VI"]
[WhiteTeamCountry "ESP"]
[BlackTeamCountry "ESP"]

1. d4 e6 2. e4 d5 3. e5 c5 4. c3 Nc6 5. Be3 Qb6 6. b3 f6 7. Nf3 fxe5 8. dxe5 Nge7 9. Bd3 g6 10. Na3 a6 11. Rb1 Qa5 12. Qc1 Bg7 13. Bf4 0-0 14. Bg3 d4 15. Nc4 Qxc3+ 16. Qxc3 dxc3 17. a3 b5 18. Nd6 Rb8 19. 0-0 Bb7 20. Rfc1 b4 21. a4 a5 22. Be4 Rfd8 23. Ng5 Nf5 24. Nxe6 Nxd6 25. Nxd8 Nxe4 26. Nxb7 Nxg3 27. hxg3 Rxb7 28. f4 Nd4 29. Kf2 h5 30. Ke3 Kf7 31. Rh1 Rd7 32. Ke4 Ke6 33. Rhf1 Nf5 34. Rf3 Rd5 35. Rd3 Nxg3+ 36. Rxg3 Rd4+ 37. Ke3 Kf7 38. Rf3 Bh6 39. g3 Rd5 40. Ke2 Rd2+ 41. Ke1 Rh2 42. Rf2 Rh1+ 43. Rf1 Rh2 44. Rg1 h4 45. gxh4 c2 46. Rc1 Bxf4 47. Rf1 Rxh4 48. Rxc2 Ke6 49. Rxc5 Bxe5 50. Rxa5 Bc3+ 51. Ke2 Re4+ 52. Kf3 Rd4 53. Ra6+ Kf7 54. Ke3+ Kg7 55. Rb6 Rd5 56. Rb5 Rd6 57. a5 Re6+ 58. Kd3 Rd6+ 59. Kc4 Rd4+ 60. Kc5 Re4 61. Rd1 g5 62. Rd6 Bf6 63. Rb7+ Be7 64. Kd5 Re3 65. Rdd7 1-0

[Event "Las Palmas Montalvo Memorial 11th"]
[Site "Las Palmas"]
[Date "2018.03.26"]
[Round "4"]
[White "Yuan, Ying Jie"]
[Black "Jablanovic, Milos"]
[Result "1/2-1/2"]
[WhiteElo "1268"]
[BlackElo "1347"]
[PlyCount "50"]
[EventDate "2018.03.24"]
[EventType "swiss"]
[EventRounds "9"]
[EventCountry "ESP"]
[SourceTitle "CBM 183 Extra"]
[Source "ChessBase"]
[SourceDate "2018.04.19"]
[SourceVersion "1"]
[SourceVersionDate "2018.04.19"]
[SourceQuality "1"]

1. e4 c6 2. d4 d5 3. e5 Be6 4. Nf3 h6 5. h4 f6 6. Bd3 Bf7 7. Bf5 e6 8. Bd3 Nd7 9. b3 Bh5 10. Nbd2 Bb4 11. Bb2 Ne7 12. Qe2 0-0 13. a3 Ba5 14. b4 Bb6 15. Nb3 fxe5 16. dxe5 c5 17. bxc5 Nxc5 18. 0-0-0 Rc8 19. Kb1 Nf5 20. Rhg1 Nxb3 21. Bxf5 Rxf5 22. cxb3 Bg6 23. Ka2 Rf7 24. Rc1 Be4 25. Nd4 Qe7 1/2-1/2

[Event "Las Palmas Insular-chT Segunda 1718"]
[Site "Las Palmas"]
[Date "2018.01.20"]
[Round "6.3"]
[White "Rakuss Zapatero, Domeniks"]
[Black "Yuan, Ying Jie"]
[Result "0-1"]
[WhiteElo "1071"]
[BlackElo "1236"]
[PlyCount "60"]
[EventDate "2017.10.28"]
[EventType "team-swiss"]
[EventRounds "9"]
[EventCountry "ESP"]
[SourceTitle "EXT 2019"]
[Source "ChessBase"]
[SourceDate "2018.10.10"]
[SourceVersion "1"]
[SourceVersionDate "2018.10.10"]
[SourceQuality "1"]
[WhiteTeam "Grandama IV"]
[BlackTeam "Hotel Avda de Canarias VI"]
[WhiteTeamCountry "ESP"]
[BlackTeamCountry "ESP"]

1. d4 d5 2. Nf3 Nf6 3. e3 Bf5 4. Bd3 Bg6 5. Bxg6 hxg6 6. 0-0 Nbd7 7. Nc3 e6 8. h3 c6 9. Ne5 Bd6 10. Nxd7 Qxd7 11. f3 0-0-0 12. e4 dxe4 13. fxe4 Bc7 14. Bg5 Rdf8 15. Bxf6 gxf6 16. Rxf6 Bd8 17. Rf1 Bb6 18. Ne2 Rh4 19. Qd3 e5 20. c3 Rd8 21. Rf3 c5 22. Rd1 cxd4 23. cxd4 exd4 24. Nxd4 Bxd4+ 25. Kf1 Qe6 26. Qb5 Qxe4 27. Rxf7 Rf4+ 28. Rxf4 Qxf4+ 29. Ke2 Qe3+ 30. Kf1 Qf2# 0-1

[Event "Las Palmas Insular-chT Segunda 1718"]
[Site "Las Palmas"]
[Date "2017.11.25"]
[Round "3.3"]
[White "Almeida Cubas, Mirella"]
[Black "Yuan, Ying Jie"]
[Result "1/2-1/2"]
[WhiteElo "1251"]
[BlackElo "1222"]
[PlyCount "71"]
[EventDate "2017.10.28"]
[EventType "team-swiss"]
[EventRounds "9"]
[EventCountry "ESP"]
[SourceTitle "EXT 2019"]
[Source "ChessBase"]
[SourceDate "2018.10.10"]
[SourceVersion "1"]
[SourceVersionDate "2018.10.10"]
[SourceQuality "1"]
[WhiteTeam "Fundacion La Caja de Canarias V"]
[BlackTeam "Hotel Avda de Canarias VI"]
[WhiteTeamCountry "ESP"]
[BlackTeamCountry "ESP"]

1. c4 c5 2. Nf3 Nc6 3. g3 Nf6 4. Nc3 g6 5. Bg2 d6 6. 0-0 Bg7 7. d4 cxd4 8. Nxd4 Ne5 9. b3 0-0 10. Bb2 Qc7 11. e3 a6 12. Rc1 Nc6 13. Qd2 e5 14. Nxc6 bxc6 15. Ne4 Nxe4 16. Bxe4 Rd8 17. Qc2 Rb8 18. Bg2 Bb7 19. Rfd1 Rbc8 20. Bh3 Rb8 21. Rd2 c5 22. Bg2 Bxg2 23. Kxg2 Qc6+ 24. Kg1 Rb7 25. Rcd1 Rbd7 26. Rd5 h5 27. h4 f5 28. f4 exf4 29. exf4 Re8 30. Bxg7 Kxg7 31. Qd2 Re6 32. Re1 Rde7 33. Rxe6 Rxe6 34. Kf2 Kf7 35. Qc3 Qe8 36. Qd2 1/2-1/2

[Event "Las Palmas Insular-chT Segunda 1718"]
[Site "Las Palmas"]
[Date "2017.11.11"]
[Round "2.2"]
[White "Falcon Alvarado, Miguel Angel"]
[Black "Yuan, Ying Jie"]
[Result "1-0"]
[WhiteElo "1612"]
[BlackElo "1252"]
[PlyCount "45"]
[EventDate "2017.10.28"]
[EventType "team-swiss"]
[EventRounds "9"]
[EventCountry "ESP"]
[SourceTitle "EXT 2019"]
[Source "ChessBase"]
[SourceDate "2018.10.10"]
[SourceVersion "1"]
[SourceVersionDate "2018.10.10"]
[SourceQuality "1"]
[WhiteTeam "Anand III"]
[BlackTeam "Hotel Avda de Canarias VI"]
[WhiteTeamCountry "ESP"]
[BlackTeamCountry "ESP"]

1. e4 e6 2. b3 Nf6 3. e5 Nd5 4. Bb2 g6 5. d4 c5 6. c4 Nb6 7. d5 exd5 8. cxd5 Bg7 9. d6 Nc6 10. f4 g5 11. Qg4 h6 12. Nf3 f6 13. Qh5+ Kf8 14. Bc4 Nxc4 15. bxc4 gxf4 16. 0-0 Nb4 17. Qf5 Kf7 18. exf6 Bxf6 19. Ne5+ Kg8 20. Rxf4 Bg7 21. Qf7+ Kh7 22. Qg6+ Kg8 23. Nf7 1-0